000 00497 a2200193 4500
005 20250328113722.0
008 250328b |||||||| |||| 00| 0 eng d
020 _a9781680954715
_c$ 79.95
040 _aMAIN
082 _a658.472
_bT413B
100 _a3G E-Learing
245 _aBusiness analytics for human resources
260 _b3G E-Learning
_c2017
_a[n.p.]
300 _axii, 228
650 _aManagement
650 _aBusiness Analytics
650 _aHuman Resources
942 _cBK
999 _c359816
_d359816